书目信息 |
| 题名: |
拱式体系的稳定计算
|
|
| 作者: | 吴恒立 著 | |
| 分册: | ||
| 出版信息: | 北京 人民交通出版社 1979 |
|
| 页数: | 86页 | |
| 开本: | 19cm | |
| 丛书名: | ||
| 单 册: | ||
| 中图分类: | U412 | |
| 科图分类: | ||
| 主题词: | 道路工程 | |
| 电子资源: | ||
| ISBN: | ||
| 000 | 00586nam0 2200229 45 | |
| 001 | 0179008920 | |
| 005 | 20040518085849.6 | |
| 010 | @dCNY0.31 | |
| 091 | @a15044.1616 | |
| 100 | @a19950922d1979 em y0chiy0121 ea | |
| 101 | 0 | @achi |
| 102 | @aCN@b110000 | |
| 105 | @ay z 000yy | |
| 106 | @ar | |
| 200 | 10 | @a拱式体系的稳定计算@Agong shi ti xi de wen ding ji suan@f吴恒立著 |
| 210 | @a北京@c人民交通出版社@d1979 | |
| 215 | @a86页@d19cm | |
| 606 | 0 | @a道路工程 |
| 690 | @aU412 | |
| 701 | 0 | @a吴恒立@Awu heng li@4著 |
| 801 | 0 | @aCN@bNLC@c20040518 |
| 905 | @f2@b42012-013@dU412@e82 | |
| 拱式体系的稳定计算/吴恒立著.-北京:人民交通出版社,1979 |
| 86页;19cm |
| ISBN :CNY0.31 |
| ● |
| 相关链接 |
|
|
|
|
正题名:拱式体系的稳定计算
索取号:U412/82
 
预约/预借
| 序号 | 登录号 | 条形码 | 馆藏地/架位号 | 状态 | 备注 |
| 1 | 0042012 | 001487723 | 第三借阅区/ [索取号:U412/82] | 在馆 | |
| 2 | 0042013 | 001487652 | 第三借阅区/ [索取号:U412/82] | 在馆 | |
| 3 | 0042014 | 001487803 | 第二样本阅览室/ [索取号:U412/82] | 在馆 |